01214 a2200241 45000010006000000050017000060080041000230030015000640400040000790800130001192450049002490200022002982640038003203000019003585050441003770410008008181000030008267000022008567000024008787000020009027000023009227000027009451050720260407155439.0260407a2005 arg spa dAR-UNSa-BCEJYS aAR-UNSa-BCEJYSbspacAR-UNSa-BCEJYS a351.824.11xServicios públicos (producción de luz, calor, energía mecánica. Industria eléctrica. Industria del gas)10aServicios públicos y organismos de control a978-987-592-061-3 1aBuenos Aires :bLexis Nexisc2005 a313 p.c22 cm. a1. Servicios públicos, régimen, regulación y organismos de control - 2. Entes reguladores - 3. Paradigmas actuales de la regulación - 4. ¿Son competentes los entes reguladores para condenar a las prestadoras a indemnizar los daños sufridos por usuarios del servicio? -5. Los procedimientos ante los entes reguladores - 6. Facultades de los entes reguladores en materia tarifaria - 7. Responsabilidad de los entes reguladores  aspa1 aPérez Hualde, Alejandro1 aEmili, Eduardo O.1 aBustelo, Ernesto N.1 aLara, Andrea J.1 aBoullaude, Gustavo1 aRodríguez, Sergio I.